Statistics for MCU Top 15 Films

Click here to take the quiz!

General Stats

  • This quiz has been taken 256 times
  • The average score is 13 of 15

Answer Stats

YearAnswer% Correct
2012The Avengers
99%
2008Iron Man
98%
2010Iron Man 2
92%
2013Iron Man 3
89%
2018Avengers: Infinity War
87%
2018Black Panther
86%
2016Captain America: Civil War
86%
2017Thor: Ragnarok
86%
2017Spider-Man: Homecoming
85%
2014Guardians of the Galaxy
83%
2015Avengers: Age of Ultron
82%
2017Guardians of the Galaxy Vol. 2
78%
2013Thor: The Dark World
75%
2016Doctor Strange
73%
2014Captain America: The Winter Soldier
72%

Score Distribution

Percentile by Number Answered

Percent of People with Each Score

Your Score History

You have not taken this quiz